| 000 | 00638cam a2200217 4500500 | ||
|---|---|---|---|
| 005 | 20260329005144.0 | ||
| 041 | _afre | ||
| 042 | _adc | ||
| 100 | 1 | 0 |
_aEltchaninoff, Michel _eauthor |
| 245 | 0 | 0 | _aLes sanctions, mesures à double tranchant ? |
| 260 | _c2022. | ||
| 500 | _a70 | ||
| 690 | _aCrise | ||
| 690 | _aÉconomie | ||
| 690 | _aMichel Eltchaninoff | ||
| 690 | _aPunition | ||
| 690 | _aRussie | ||
| 690 | _aSanction | ||
| 786 | 0 | _nPhilosophie magazine | 163 | 10 | 2022-10-01 | p. 10-10 | 1951-1787 | |
| 856 | 4 | 1 | _uhttps://shs.cairn.info/magazine-philosophie-magazine-2022-10-page-10?lang=fr&redirect-ssocas=7080 |
| 999 |
_c1840802 _d1840802 |
||